Capitals of the Baltic Sea - One Minute Rush - Statistics

General Stats
  • This quiz has been taken 17 times
  • The average score is 8 of 9
Answer Stats
Answer % Correct
Copenhagen
100%
Riga
100%
Stockholm
100%
Berlin
93%
Helsinki
93%
Vilnius
93%
Warsaw
93%
Moscow
86%
Talinn
79%
No matching quizzes found
Score Distribution
Percent of People with Each Score
Percentile by Number Answered
Your Score History
You have not taken this quiz